5HLuxD.jpg

KING HENRY VIII SENIOR AND PRIMARY SCHOOL LIBRARY OPAC

PENNY DREADFUL (Record no. 5137)

000 -LEADER
fixed length control field 00311nam a22001217a 4500
008 - FIXED-LENGTH DATA ELEMENTS--GENERAL INFORMATION
fixed length control field 250701b ||||| |||| 00| 0 eng d
020 ## - INTERNATIONAL STANDARD BOOK NUMBER
International Standard Book Number 9780375861697
082 ## - DEWEY DECIMAL CLASSIFICATION NUMBER
Classification number FIC SNY
100 ## - MAIN ENTRY--PERSONAL NAME
Personal name SNYDER,LAUREL
Relator term AUTHOR
245 ## - TITLE STATEMENT
Title PENNY DREADFUL
260 ## - PUBLICATION, DISTRIBUTION, ETC.
Place of publication, distribution, etc. NEW YORK
Name of publisher, distributor, etc. RANDOM HOUSE CHILDREN'S BOOKS
Date of publication, distribution, etc. 2010
942 ## - ADDED ENTRY ELEMENTS (KOHA)
Source of classification or shelving scheme
Holdings
Withdrawn status Lost status Source of classification or shelving scheme Damaged status Not for loan Collection code Permanent Location Current Location Shelving location Date acquired Total Checkouts Full call number Barcode Date due Date last seen Date last checked out Price effective from Koha item type Public note
          Fiction KH8 Primary School Library KH8 Primary School Library Fiction 2025-07-01 2 FIC SNY KHPL000007309 2026-03-17 2026-03-03 2026-03-03 2025-07-01 Books - Fiction KH8 PRIMARY LIBRARY

Powered By KH8 IT Dept